|
|
|
|
| LEADER |
01700nam a2200301 a 4500 |
| 001 |
26497 |
| 003 |
BD-DhAAL |
| 008 |
130107s2010 ii a 001 0 eng |
| 999 |
|
|
|c 13099
|d 13099
|
| 020 |
|
|
|a 9788123918761
|
| 040 |
|
|
|a BD-DhAAL
|c BD-DhAAL
|
| 082 |
0 |
4 |
|a 615.4
|
| 245 |
0 |
0 |
|a Textbook of Hospital Pharmacy /
|c edited by M. C. Allwood and J. T. Fell.
|
| 260 |
|
|
|a New Delhi :
|b CBS publishers & distributors pvt. ltd.,
|c 2010.[1st Indian reprint]
|
| 300 |
|
|
|a 291 pages :
|b illustrations ;
|c 24cm.
|
| 504 |
|
|
|a Includes index.
|
| 541 |
1 |
|
|e 00026497
|
| 650 |
|
0 |
|a Hospital pharmacies.
|9 43703
|
| 650 |
|
0 |
|a Pharmacy.
|9 43704
|
| 700 |
1 |
|
|a AllWood, M.C.
|9 43705
|
| 700 |
1 |
|
|a Fell, J.T.
|9 43706
|
| 852 |
1 |
|
|a Ayesha Abed library
|c General Shelf
|
| 942 |
|
|
|2 ddc
|c BK
|
| 952 |
|
|
|0 0
|1 0
|2 ddc
|4 0
|6 615_400000000000000_TEX
|7 0
|9 21793
|a PHR
|b PHR
|c GEN
|d 2013-01-08
|e Trim Education
|g 750.00
|l 0
|o 615.4 TEX
|p 3010026497
|r 2013-01-08
|t 2
|w 2013-01-08
|y BK
|
| 952 |
|
|
|0 0
|1 0
|2 ddc
|4 0
|6 615_400000000000000_TEX
|7 0
|9 21794
|a BRACUL
|b BRACUL
|c GEN
|d 2013-01-08
|e Trim Education
|g 750.00
|l 5
|m 19
|o 615.4 TEX
|p 3010026499
|r 2023-08-14
|s 2023-08-03
|t 4
|w 2013-01-08
|y BK
|
| 952 |
|
|
|0 0
|1 0
|2 ddc
|4 0
|6 615_400000000000000_TEX
|7 0
|9 21795
|a BRACUL
|b BRACUL
|c GEN
|d 2013-01-08
|e Trim Education
|g 750.00
|l 5
|m 20
|o 615.4 TEX
|p 3010026500
|r 2025-08-25
|s 2025-08-06
|t 5
|w 2013-01-08
|y BK
|
| 952 |
|
|
|0 0
|1 0
|2 ddc
|4 0
|6 615_400000000000000_TEX
|7 0
|9 21796
|a BRACUL
|b BRACUL
|c GEN
|d 2013-01-08
|e Trim Education
|g 750.00
|l 6
|m 57
|o 615.4 TEX
|p 3010026496
|r 2026-05-14
|s 2026-05-10
|t 1
|w 2013-01-08
|y BK
|
| 952 |
|
|
|0 0
|1 0
|2 ddc
|4 0
|6 615_400000000000000_TEX
|7 0
|9 21797
|a BRACUL
|b BRACUL
|c GEN
|d 2013-01-08
|e Trim Education
|g 750.00
|l 3
|m 34
|o 615.4 TEX
|p 3010026498
|r 2025-12-23
|s 2025-08-11
|t 3
|w 2013-01-08
|y BK
|